000 00598nam a22002417a 4500
003 UA-OsUOA
001 66586
007 ta
008 20100115b un ||||| |||| 00| 0 ukr d
100 _aГоробець В.
090 _a94(477).04
_bГ70
942 _cBK
040 _aUA-OsUOA
_bukr
_cUA-OsUOA
_dUA-OsUOA
245 _aПавло Полуботок
300 _a64 с.
955 _a2
041 _aukr
080 _a94(477).04
020 _a978-966-02-5157-1
260 _aК.
_c2009
650 7 _a9 Географія. Біографії. Історія
_2UDC
999 _c352359
_d352359